Score 0/197 Timer 10:00
0 Plays Today
Lyric % Correct
the
89.5%
the
89.5%
a
89.5%
the
89.5%
and
89.5%
a
89.5%
the
89.5%
you
87.4%
me
75%
me
75%
me.
75%
me.
75%
me
75%
me.
74.9%
me.
74.9%
love
67%
love
67%
to
66.3%
to
66.3%
to
66.3%
to
66.3%
to
66.3%
to
66.3%
to
66.2%
to
66.2%
is
65.3%
is
65.3%
is
65.3%
be.
63.2%
it
61.1%
it
61.1%
your
60.1%
your
60.1%
your
60.1%
your
60.1%
your
60.1%
your
60.1%
your
60.1%
in
58.6%
so
57.6%
so
57.6%
so
57.6%
so
57.6%
so
57.6%
so
57.6%
so
57.6%
so
57.6%
so
57.6%
so
57.5%
so
57.5%
so
57.5%
so
57.5%
of
56.8%
of
56.8%
of
56.8%
of
56.8%
of
56.8%
of
56.8%
of
56.8%
of
56.8%
Don't
53.4%
don't
53.4%
Don't
53.4%
Don't
53.4%
don't
53.4%
don't
53.4%
Lyric % Correct
Don't
53.4%
don't
53.4%
don't
53.4%
Don't
53.4%
don't
53.4%
don't
53.3%
Don't
53.3%
don't
53.3%
don't
53.3%
for
52.2%
for
52.2%
you're
51.1%
you're
51.1%
you're
51.1%
you're
51.1%
you're
51.1%
you're
51.1%
You're
50.9%
You're
50.9%
what
50.8%
too
45.8%
too
45.8%
too
45.8%
too
45.8%
She
45.3%
she
45.3%
I'm
44.1%
girl
41.1%
girl
41.1%
girl
41.1%
girl
41.1%
girl.
41.1%
girl
41.1%
girl
41.1%
girl.
41.1%
girl.
40.9%
girl.
40.9%
this
39.5%
out
38.8%
out
38.8%
out
38.8%
out
38.8%
out
38.8%
just
38.3%
have
37.8%
all
37.4%
way
35.9%
way
35.9%
With
35.4%
mind
35.1%
mind
35.1%
mind
35.1%
Young
34.7%
young
34.7%
young
34.7%
Young
34.7%
young
34.7%
young
34.7%
young
34.7%
much
34.6%
much
34.6%
much
34.6%
much
34.6%
close
33.8%
close
33.8%
close
33.8%
Lyric % Correct
close
33.8%
close
33.8%
close
33.8%
time
33.7%
stand
33.4%
stand
33.4%
Get
33.4%
stand
33.4%
stand
33.4%
stand
33.4%
stand
33.4%
stand
33.4%
stand
33.4%
stand
33.4%
stand
33.4%
stand
33.4%
stand
33.4%
stand
33.4%
stand
33.4%
stand
33.4%
him
33.3%
him
33.3%
wants
32.6%
wants
32.6%
now
32.1%
bad
31.2%
teacher
31.1%
here
30.5%
baby
30.4%
school
29.9%
line
29.7%
line
29.7%
fantasy.
29.5%
subject
28.8%
his
28%
you've
27.2%
badly
26.7%
woman
26.2%
run
25.4%
run
25.4%
cry
25.3%
cause
25%
better
24.1%
better
24.1%
knows
23.6%
makes
22.1%
age.
21.8%
half
21.7%
charms
21.6%
change
21.3%
going
21.3%
youth.
21.2%
before
20.9%
she's
20.8%
secret
20.5%
disguise.
20.1%
kept
20%
makeup
18.9%
perfume
18.8%
far.
18.6%
afraid
17.1%
Temptation
16.7%
frustration
16.7%
Bookmark
16.4%
beneath
15.5%
Remove Ads.
Support Sporcle.
Get the best of Sporcle when you Go Orange. This ad-free experience offers more features, more stats, and more fun while also helping to support Sporcle. Thank you for becoming a member.

You're not logged in!

Compare scores with friends on all Sporcle quizzes.
OR
Log In

Show Comments

Extras

Created Oct 22, 2010ReportNominate
Tags:Song Quiz, glee

Top Quizzes Today


Score Distribution

Your Account Isn't Verified!

In order to create a playlist on Sporcle, you need to verify the email address you used during registration. Go to your Sporcle Settings to finish the process.

Report this User

Report this user for behavior that violates our Community Guidelines.

Details: